000 00751nam a2200217Ia 4500
005 20250508165232.0
008 008 250505s9999 xx 000 0 eng d
020 _a978-0-85702-485-5
037 _aTextBook
040 _aFEDL
_beng
_cFEDL
041 _aeng
_2eng
084 _a371.009, DUN/R
_qFEDL
100 _aDuncan- Andrade Jeffrey M R
_9780233
245 0 _aWhat a coach can teach a teacher: Lessons Urban schools can learn from a successful sports program
260 _aNew York, USA
_bPeter Lang Publishing, Inc.
_c2010
300 _aviii, 260p.
365 _aUSD
_b33.95
490 _aCounterpoints Studies in the Postmodern Theory of Education, Vol. 293
942 _cTB
_h371.009, DUN/R
999 _c1393971
_d1393971